000 00484nam a2200169Ia 4500
999 _c395
_d395
003 OSt
005 20210915134821.0
008 190216s9999||||xx |||||||||||||| ||und||
040 _coclc
082 _a297
_bALM/I
100 _aAl Moududi, Abdul Aghla
_98731
245 0 _aAl Islam Fi Mawajihad Al Tahdiyath Al Nilashiva /
_cAbdul Aghla Al Moududi
260 _bDarul Kalam,
_a=
300 _a284p
650 _aArabic
942 _cBK
_2ddc
_h297
_iALM/I
_k297
_mALM/I